Diseño de acueductos y alcantarillados

Salvato in:
Dettagli Bibliografici
Autore principale: López Cualla, Ricardo Alfredo (autor)
Natura: Libro
Lingua:spagnolo
Pubblicazione: Bogotá Alfaomega 2000
Edizione:2a. ed
Serie:Alfaomega, 402
Soggetti:
Tags: Aggiungi Tag
Nessun Tag, puoi essere il primo ad aggiungerne!!

MARC

LEADER 00000nam a2200000 a 4500
001 UCN3472
003 CL-VaPUC
008 010629e20000000CK |||||||||||||||||spa|d
020 |a 970150402X 
082 0 4 |a 628.15  |b LOP  |2 21 
100 |a López Cualla, Ricardo Alfredo  |e autor  |9 459994 
245 1 0 |a Diseño de acueductos y alcantarillados 
250 |a 2a. ed 
300 |a 388 p 
942 |c BK 
945 |d 20010629 00:00:00  |a vberengu 
260 |a Bogotá  |b Alfaomega  |c 2000 
650 0 |a Agua  |9 257149 
650 0 |a Abastecimiento de agua  |9 260374 
650 0 |a Alcantarillado   |9 260369 
650 7 |a INGENIERIA DE DRENAJE  |2 CL-VaPUC  |9 369416 
650 0 |a Tratamiento del agua   |9 262889 
650 0 |a Aguas residuales   |9 262614 
583 |a last modification  |c 20161003 11:33:59  |k Rodrigo Vera 
490 0 |a Alfaomega, 402 
999 |c 296331  |d 296329 
952 |0 0  |1 0  |4 0  |6 628_150000000000000_LOP_2000  |7 0  |8 A  |9 350021  |a BIBING  |b BIBING  |d 2019-11-20  |i 3735958  |o 628.15 LOP 2000  |p 3735958  |r 2025-01-20  |w 2019-11-20  |y BK  |k CCL 
952 |0 0  |1 0  |4 0  |6 628_150000000000000_LOP_2000  |7 0  |8 A  |9 350022  |a BIBING  |b BIBING  |d 2019-11-20  |i 3757390  |o 628.15 LOP 2000  |p 3757390  |r 2025-01-20  |w 2019-11-20  |y BK  |k CCL 
952 |0 0  |1 0  |4 0  |6 628_150000000000000_LOP_2000  |7 0  |8 A  |9 350023  |a BIBING  |b BIBING  |d 2019-11-20  |i 3783391  |o 628.15 LOP 2000  |p 3783391  |r 2025-01-20  |w 2019-11-20  |y BK  |k CCL 
952 |0 0  |1 0  |4 0  |6 628_150000000000000_LOP_2000  |7 0  |8 A  |9 350024  |a BIBING  |b BIBING  |d 2019-11-20  |i 3783405  |o 628.15 LOP 2000  |p 3783405  |r 2025-01-20  |w 2019-11-20  |y BK  |k CCL 
952 |0 0  |1 0  |4 0  |6 628_150000000000000_LOP_2000  |7 0  |8 A  |9 350025  |a BIBING  |b BIBING  |d 2019-11-20  |i 3853993  |o 628.15 LOP 2000  |p 3853993  |r 2025-01-20  |w 2019-11-20  |y BK  |k CCL 
952 |0 0  |1 0  |4 0  |6 628_150000000000000_LOP_2000  |7 0  |8 A  |9 350026  |a BIBING  |b BIBING  |d 2019-11-20  |i 3854000  |o 628.15 LOP 2000  |p 3854000  |r 2023-03-02  |w 2019-11-20  |y BK  |k CCL 
952 |0 0  |1 0  |4 0  |6 628_150000000000000_LOP_2000  |7 0  |8 A  |9 350027  |a BIBING  |b BIBING  |d 2019-11-20  |i 3854019  |o 628.15 LOP 2000  |p 3854019  |r 2025-01-20  |w 2019-11-20  |y BK  |k CCL 
952 |0 0  |1 0  |4 0  |6 628_150000000000000_LOP_2000  |7 0  |8 A  |9 350028  |a BIBING  |b BIBING  |d 2019-11-20  |i 3854027  |o 628.15 LOP 2000  |p 3854027  |r 2025-01-20  |w 2019-11-20  |y BK  |k CCL 
952 |0 0  |1 0  |4 0  |6 628_150000000000000_LOP_2000  |7 0  |8 A  |9 350029  |a BIBING  |b BIBING  |d 2019-11-20  |i 3854035  |l 1  |o 628.15 LOP 2000  |p 3854035  |r 2025-01-20  |s 2023-11-07  |w 2019-11-20  |y BK  |k CCL 
952 |0 0  |1 0  |4 0  |6 628_150000000000000_LOP_2000  |7 0  |8 A  |9 350030  |a BIBING  |b BIBING  |d 2019-11-20  |i 429372K  |o 628.15 LOP 2000  |p 429372K  |r 2025-01-20  |w 2019-11-20  |y BK  |k CIC